Catálogo
 En Linea

Colón agarra viaje a toda costa. / (Registro nro. 47003)

Detalles MARC
000 -CABECERA
campo de control de longitud fija 00574nam a2200181 a 4500
001 - NÚMERO DE CONTROL
campo de control 000047515
005 - FECHA Y HORA DE LA ÚLTIMA TRANSACCIÓN
campo de control 20201002060601.0
008 - DATOS DE LONGITUD FIJA--INFORMACIÓN GENERAL
campo de control de longitud fija 180614s2005 dr a 000 spa d
020 ## - NÚMERO INTERNACIONAL ESTÁNDAR DEL LIBRO
Número Internacional Estándar del Libro 9870401880
040 ## - FUENTE DE LA CATALOGACIÓN
Centro catalogador/agencia de origen DO-SdBNP
Lengua de catalogación spa
Centro/agencia transcriptor BNPHU
100 ## - ENTRADA PRINCIPAL--NOMBRE DE PERSONA
Nombre de persona Basch, Adela
9 (RLIN) 75132
245 #0 - MENCIÓN DE TÍTULO
Título Colón agarra viaje a toda costa. /
Mención de responsabilidad, etc. Adela Basch ; Ilustraciones Ricardo Fuhmann.
260 ## - PUBLICACIÓN, DISTRIBUCIÓN, ETC.
Lugar de publicación, distribución, etc. Santo Domingo :
Nombre del editor, distribuidor, etc. Corripio,
Fecha de publicación, distribución, etc. 2005.
300 ## - DESCRIPCIÓN FÍSICA
Extensión 89 p. :
Otras características físicas il. ;
Dimensiones 21 cm.
490 ## - MENCIÓN DE SERIE
Mención de serie Colección Alfaguara infantil
590 ## - NOTA LOCAL (RLIN)
Nota local Inventariado,2018/DG
700 ## - PUNTO DE ACCESO ADICIONAL--NOMBRE DE PERSONA
Nombre de persona Fuhmann, Ricardo
Término indicativo de función/relación il.
9 (RLIN) 75133
Existencias
Estado de retiro Estado de pérdida No para préstamo Código de colección Localización permanente Ubicación/localización actual Ubicación en estantería Fecha de adquisición Número de inventario Total de préstamos Signatura topográfica completa Código de barras Fecha visto por última vez Precio válido a partir de Tipo de ítem Koha
    Excluido de préstamo Patrimonio Dominicano Patrimonio Dominicano Patrimonio Dominicano Depósito 14.06.2018 LF1   47515-10 25.06.2020 25.06.2020 Libro y Folleto Colección Patrimonio Dominicano

Con tecnología Koha